Generalized Bivariate Kummer-Beta Distribution

En este artc̕ulo se propone una nueva distribucin̤ beta bivariada basada en distribuciones hipergeomťricas Humbert de segundo tipo. Tambiň Se derivan las representaciones de las densidades marginales, momentos marginales y productos, densidades condicionales y entropa̕.

Gespeichert in:
Bibliographische Detailangaben
Weitere Verfasser: Nagar Daya K, Serna Morales Jessica, Zarrazola Edwin, Universidad Pedagg̤ica y Tecnolg̤ica de Colombia - UPTC
Format: Buch
Sprache:Englisch
Schlagworte:
Online-Zugang:Generalized Bivariate Kummer-Beta Distribution
Tags: Tag hinzufügen
Keine Tags, Fügen Sie den ersten Tag hinzu!

MARC

LEADER 00000nam a22000004a 4500
001 vpro24201
005 20201223000000.0
008 201119s2020 ck # g## #001 0#eng#d
020 |a 2256-4314 (Versin̤ electrn̤ica); 1794-9165 (Versin̤ impresa) 
022
040 |a CO-BoINGC 
041 0 |a eng 
245 1 0 |a Generalized Bivariate Kummer-Beta Distribution 
246 |a Distribucin̤ Kummer-beta bivariada generalizada 
264 |a Bogot ̀(Colombia) :  |b Revista VirtualPRO,  |c 2020 
520 3 |a En este artc̕ulo se propone una nueva distribucin̤ beta bivariada basada en distribuciones hipergeomťricas Humbert de segundo tipo. Tambiň Se derivan las representaciones de las densidades marginales, momentos marginales y productos, densidades condicionales y entropa̕. 
650 \ \ |a Distribucin̤ (TeorƯ̕a de probabilidades) 
650 \ \ |a Funcin̤ polinm̤ica  
650 \ \ |a Modelos matemt̀icos 
650 \ \ |a Distribution (probability theory) 
650 \ \ |a Polynomial function 
650 \ \ |a Mathematical models 
650 \ \ |a Funcin̤ beta; Distribucin̤ beta; Entropa̕; Distribucin̤ bivariada; Funcin̤ gama; Distribucin̤ Kummer-beta. 
650 \ \ |a Beta function; beta distribution; entropy; bivariatedistribution; gamma function; Kummer-beta distribution  
700 \ \ |a Nagar Daya K 
700 \ \ |a Serna Morales Jessica 
700 \ \ |a Zarrazola Edwin  
700 \ \ |a Universidad Pedagg̤ica y Tecnolg̤ica de Colombia - UPTC 
856 |z Generalized Bivariate Kummer-Beta Distribution  |u https://virtualpro.unach.elogim.com/biblioteca/distribucion-kummer-beta-bivariada-generalizada